000 01196cam a22003494a 4500
001 6506
003 FISKH
005 20250820093330.0
008 000818s2002 maua b 000 0 eng
010 _a 00064967
020 _a0316309036 (hc)
020 _a9780439652612
040 _aDLC
_cDLC
_dDLC
_beng
050 _aQK475 .G49
082 _a582.16
100 1 _aGibbons, Gail.
245 1 0 _aTell me, tree :
_ball about trees for kids /
_cby Gail Gibbons.
250 _aFirst Schoalstic printing, April 2004
260 _aNew York :
_bScholastic,
_c2002.
300 _a32 unnumbered pages :
_bcolor illustrations ;
_c28 cm
505 _aN
520 _aFeaturing a special section on how children can make a tree identification book of their own, this title is a bright and colorful introduction to trees, leaves, and their inner workings in nature.
521 8 _a580
_bLexile
521 8 _aN
_bRaz-Plus
650 0 _aTrees
_vJuvenile literature.
650 0 _aTrees
_vIdentification
_vJuvenile literature.
650 1 _aTrees.
650 1 _aTrees
_vIdentification.
906 _a7
_bcbc
_corignew
_d1
_eocip
_f20
_gy-gencatlg
942 _2ddc
_cBK
_n0
999 _c6506
_d6506